000 00535nam a22001937a 4500
003 OSt
005 20210422055621.0
008 201222s1941 ||||| |||| 00| 0 eng d
040 _aeng
_beng
_cDLC
041 _aeng
080 _a92
_bC-59
100 _9610
_aClapesattle, Helen
245 _aThe Doctors Mayo
_c/ by: The University of Minnesota Press
260 _aMinneapolis
_bThe University of Minnesota Press
_c1941
300 _a822 p.
_bill.
650 0 _9237
_aBiography
653 _aბიოგრაფია
942 _2udc
_cBK
999 _c799
_d799